Reconfiguring organisational patterns of power: an ethnography on the functioning of academic credentials in Chile/
Guardado en:
| 主要作者: | |
|---|---|
| 其他作者: | , |
| 格式: | 圖書 |
| 語言: | English |
| 標簽: |
添加標簽
沒有標簽, 成為第一個標記此記錄!
|
MARC
| LEADER | 00000nam a22000007a 4500 | ||
|---|---|---|---|
| 003 | cru CIDCACS/IIS | ||
| 005 | 20180906062529.0 | ||
| 007 | ta | ||
| 008 | 180831t2016 sp |||p|r||||||0| ||eng|d | ||
| 999 | |c 41627 |d 41627 | ||
| 040 | |c cru CIDCACS/IIS | ||
| 100 | 1 | |a Ayala, Ricardo A |9 7585 | |
| 245 | 1 | |a Reconfiguring organisational patterns of power: |b an ethnography on the functioning of academic credentials in Chile/ |c Ricardo A. Ayala, Raf Vanderstraeten, Piet Bracke | |
| 300 | |a páginas 81-99 | ||
| 700 | 1 | |9 7609 |a Vanderstraeten, Raf | |
| 700 | 1 | |9 7610 |a Bracke, Piet | |
| 773 | 0 | |0 40365 |9 2214 |a International Sociological Association, ISA |d Australia ; Los Angeles: ISA, SAGE Publications |o 18989 |t International Sociology Reviews/ |x 02685809 | |
| 942 | |2 ddc |c PP | ||
